000
00242cam a22000857a 4500
008
180718b1946 xxu||||| |||| 00| 0 eng d
082
_a
U61x42 CW
245
_a
Cable and wireless act, 1946
260
_a
London
_b
Her Majesty's Stationery office
_c
1946
999
_c
427842
_d
427842